| 000 | 00635 a2200241 4500 | ||
|---|---|---|---|
| 005 | 20260406124115.0 | ||
| 008 | 260406b |||||||| |||| 00| 0 eng d | ||
| 020 |
_a9789355325228 _cRs. 1110.00 |
||
| 040 | _aMAIN | ||
| 082 |
_a658.7 _bJ152O(17) |
||
| 100 | _aJacobs, F Robert | ||
| 245 | _aOperations and supply chain management | ||
| 250 | _a17th | ||
| 260 |
_bMcGraw Hill Education (India) _c2025 _aChennai |
||
| 300 | _axxix, 762 | ||
| 650 | _aManagement | ||
| 650 | _aProduction | ||
| 650 | _aOperations Management | ||
| 650 | _aDistribution | ||
| 700 | _aRavi Shankar | ||
| 700 | _aChase, Richard B | ||
| 942 | _cBK | ||
| 999 |
_c396984 _d396984 |
||